Evropská ekonomika i měna na ústupu
Prehľad predbežných výsledkov inflácie a hrubého domáceho produktu za celú eurozónu. HDP v Nemecku a vo Francúzsku. Prognózy vývoja nemeckej ekonomiky. Reakcie ECB.
Na minha lista:
| Autor principal: | |
|---|---|
| Formato: | Capítulo de Livro |
| Idioma: | tcheco |
| Assuntos: | |
| Tags: |
Sem tags, seja o primeiro a adicionar uma tag!
|
MARC
| LEADER | 00000naa a2200000 4500 | ||
|---|---|---|---|
| 001 | r042183 | ||
| 005 | 20231004065614.3 | ||
| 041 | 0 | |a cze | |
| 044 | |a CZ | ||
| 245 | 1 | 0 | |a Evropská ekonomika i měna na ústupu |c David Marek |
| 520 | |a Prehľad predbežných výsledkov inflácie a hrubého domáceho produktu za celú eurozónu. HDP v Nemecku a vo Francúzsku. Prognózy vývoja nemeckej ekonomiky. Reakcie ECB. | ||
| 610 | 2 | 0 | |a spolupráca hospodárska medzinárodná |
| 610 | 2 | 0 | |a produkt domáci hrubý |
| 610 | 2 | 0 | |a inflácia |
| 610 | 2 | 0 | |a Európska únia |
| 610 | 2 | 0 | |a Francúzsko |
| 610 | 2 | 0 | |a Nemecko |
| 610 | 2 | 0 | |a euro |
| 610 | 2 | 0 | |a vývoj hospodársky |
| 100 | 1 | |a Marek, David | |